zpět

Detail výsledku týmu

Metro Music Pub, Most

Datum a čas kvízu

24.5 Celkem bodů Celkový počet nahraných bodů na tomto kvízu bez doplňovacích otázek.
3. Pořadí na kvízu Konečné umístění týmu na tomto kvízu.

Zaznamenané odpovědi

# Otázka Odpověď Body Výsledky
1. První československý kosmonaut... 1
2. Jednotvárný zvuk od silnice ob... 0
3. Patrně nejsympatičtější "oškli... 0
4. Ministerstvo dopravy vybralo v... 0
5. Minulý týden se začala prodáva... 1
6. Vzpomeňme v tomto tématu na zř... 0
7. Vyberte nepravdivé tvrzení o F... 1
8. Jedno z jeho prvních děl bylo... 0
9. „Ježíši Kriste, přechytračil j... 1
10. Pěknou vzpomínku na Formana na... 0